|
|
|
|
| LEADER |
00000cam a2200000 7i4500 |
| 001 |
0000093446 |
| 005 |
20231227115723.0 |
| 020 |
|
|
|a 9789811844423 (
|q (paperback))
|
| 040 |
|
|
|e rda
|
| 041 |
|
|
|a Malay
|
| 090 |
0 |
0 |
|a JP
|b MAL
|
| 100 |
1 |
|
|a Shahril Samri ,
|e (author)
|
| 245 |
1 |
0 |
|a Lepiong dan Cepiong mencari makan
|c Shahril Samri
|
| 264 |
|
1 |
|a Singapura :
|b Ungu Pen
|c 2022
|
| 300 |
|
|
|a 23 pages, 1 unnumbered pages :
|b Illustration ;
|c 28 cm.
|
| 336 |
|
|
|a text
|2 rdacontent
|
| 337 |
|
|
|a unmediated
|2 rdamedia
|
| 338 |
|
|
|a volume
|2 rdacarrier
|
| 500 |
|
|
|a Children age 4-6 years old (yellow)
|
| 541 |
|
|
|c Purchased on 2023
|f 00407 AIR
|h RM24.00
|
| 650 |
|
0 |
|a Children stories, Singaporean(Malay)
|
| 700 |
0 |
|
|a Hamdan Ali ,
|e (illustration)
|
| 730 |
0 |
|
|a Title
|
| 999 |
|
|
|a 0001751261
|b Book
|c Children Collection
|e Perbadanan Perpustakaan Awam Johor
|
| 999 |
|
|
|a 0001751726
|b Book
|c Children Collection
|e Cawangan Urban Transformation Centre
|
| 999 |
|
|
|a 0001751727
|b Book
|c Children Collection
|e Cawangan AEON Kulaijaya
|
| 999 |
|
|
|a 0001751728
|b Book
|c Children Collection
|e Cawangan Bandar Tenggara
|
| 999 |
|
|
|a 0001751729
|b Book
|c Children Collection
|e Cawangan Bandar Penawar
|
| 999 |
|
|
|a 0001751730
|b Book
|c Children Collection
|e Cawangan Taman Sri Lambak
|
| 999 |
|
|
|a 0001751731
|b Book
|c Children Collection
|e Cawangan Tangkak
|
| 999 |
|
|
|a 0001751732
|b Book
|c Children Collection
|e Cawangan Pontian
|
| 999 |
|
|
|a 0001751733
|b Book
|c Children Collection
|e Cawangan Segamat
|
| 999 |
|
|
|a 0001751734
|b Book
|c Children Collection
|e Cawangan Bukit Gambir
|
| 999 |
|
|
|a 0001751735
|b Book
|c Children Collection
|e Perbadanan Perpustakaan Awam Johor
|
| 999 |
|
|
|a 0001751736
|b Book
|c Children Collection
|e Cawangan Tmn. Ungku Tun Aminah
|
| 999 |
|
|
|a 0001751737
|b Book
|c Children Collection
|e Cawangan Kota Tinggi
|
| 999 |
|
|
|a 0001751738
|b Book
|c Children Collection
|e Perbadanan Perpustakaan Awam Johor
|
| 999 |
|
|
|a 0001751739
|b Book
|c Children Collection
|e Cawangan Batu Pahat
|
| 999 |
|
|
|a 0001751740
|b Book
|c Children Collection
|e Cawangan Mersing
|
| 999 |
|
|
|a 0001751741
|b Book
|c Children Collection
|e Cawangan Taman Universiti
|
| 999 |
|
|
|a 0001751742
|b Book
|c Children Collection
|e Cawangan Muar
|